Charles E. Townsend (1932-2015)

Titel: Charles E. Townsend (1932-2015) / Laura Janda
Verfasser:
In: Zeitschrift für Slawistik, Band 60, Heft 4 (2015), Seite 659-661
alle Artikel anzeigen
Veröffentlicht: 2015
Format: Aufsatz
Sprache: Englisch
Schlagworte:
Kein Bild verfügbar
X
alg: 42656015
001A    $03025:20-02-18 
001B    $06050:24-06-21 $t10:06:06.000 
001C    $03025:20-02-18 $t15:50:21.000 
001D    $03025:20-02-18 
001U    $0utf8 
001X    $00 
002@    $0Oou 
002C    $aText $btxt $2rdacontent 
002D    $aComputermedien $bc $2rdamedia 
002E    $aOnline-Ressource $bcr $2rdacarrier 
003@    $0426560159 
004P    $010.1515/slaw-2015-0041 
007A    $0426560159 $aHEB 
010@    $aeng 
010E    $erda 
011@    $a2015 
013D    $#Obituaries $#Nécrologies $#Gedächtnisschrift Nachruf $#Nekrolog $74128540-2 $8Nachruf [Ts1] $9085446491 
021A    $aCharles E. Townsend (1932-2015) $hLaura Janda 
028A    $BVerfasser $#Janda, Laura Alexis $#Janda, Laura $4aut $7124619355 $8Janda, Laura A.$Z1957- [Tp1] $915526771X 
031A    $d60 $e4 $h659-661 $j2015 
039B    $aEnthalten in $8--Obvc--. Zeitschrift für Slawistik. - Berlin : De Gruyter, 1956-. - Online-Ressource. - ISSN 2196-7016 $x201500000600004341 $9201613530 
044K    $#Townsend, Charles Edward $7124619339 $8Townsend, Charles E.$Z1932-2015 [Tp1] $9155267698 
044K    $RPhilologe $RSlawistin $#Slavist $74322831-8 $8Slawist [Ts1] $9086782444 
045R    $aGeschichte 1932-2015 
045T    $a7,41 
045T    $aSLAW $qDE-1a $2FID 

lok: 42656015 78

exp: 42656015 78 1 #EPN
201B/01 $020-02-18 $t15:43:01.000 
201C/01 $020-02-18 
201U/01 $0utf8 
203@/01 $01018352694 
208@/01 $a20-02-18 $be 
209A/01 $a/ $f000 $x00 
209A/01 $ab*p $x01 
220C/01 $apgar 
244Z/01 $#Ostmitteleuropa $#Ostmitteleuropa $#Mitteleuropa, Ost $#Central Europe Ostmitteleuropa $#Mittelosteuropa $74075753-5 $8--Tg1--Ostmitteleuropa $x01 $9085214485 
244Z/01 $#Böhmische Kronländer $#Länder der Böhmischen Krone $#Sudetenland $#Böhmen $#Mähren $#Mährisch-Schlesien $#Österreichisch-Schlesien $#Tschechische Sozialistische Republik Böhmische Länder $#Tschechei Böhmische Länder $#Země koruny české $74069573-6 $8--Tg1--Böhmische Länder $x02 $9085195553 
247C/01 $82080>Marburg/Lahn, Herder-Institut, Forschungsbibliothek, Bibliographieportal $9336309341
LEADER 00000caa a2200000 c 4500
001 426560159
003 DE-603
005 20210624100606.0
007 cr||||||||||||
008 180220s2015 xx |||| o| u00||u|eng c
024 7 |a 10.1515/slaw-2015-0041  |2 doi 
035 |a (DE-599)HEB426560159 
040 |a DE-603  |b ger  |c DE-603  |d DE-603  |e rda 
041 |a eng 
084 |a 7,41  |2 ssgn 
084 |a SLAW  |q DE-1a  |2 fid 
100 1 |a Janda, Laura A.  |d 1957-  |e Verfasser  |4 aut  |0 (DE-603)15526771X  |0 (DE-588)124619355  |2 gnd 
245 0 0 |a Charles E. Townsend (1932-2015)  |c Laura Janda 
264 0 |c 2015 
336 |a Text  |b txt  |2 rdacontent 
337 |a Computermedien  |b c  |2 rdamedia 
338 |a Online-Ressource  |b cr  |2 rdacarrier 
600 1 7 |a Townsend, Charles E.  |d 1932-2015  |0 (DE-588)124619339  |0 (DE-603)155267698  |2 gnd 
648 7 |a Geschichte 1932-2015  |2 gnd 
650 7 |a Slawist  |0 (DE-588)4322831-8  |0 (DE-603)086782444  |2 gnd 
655 7 |a Nachruf  |2 gnd-content  |0 (DE-588)4128540-2  |0 (DE-603)085446491 
773 0 8 |i Enthalten in  |t Zeitschrift für Slawistik  |d Berlin : De Gruyter, 1956-  |h Online-Ressource  |x 2196-7016  |g Band 60, Heft 4 (2015), Seite 659-661  |w (DE-603)201613530  |w (DE-600)2434774-7 
924 1 |9 2080  |a (DE-603)1018352694  |b DE-2080  |c HES  |d d  |g /